| 000 | 01162nam a2200301 i 4500 | ||
|---|---|---|---|
| 001 | 000024531 | ||
| 003 | DO-SdBNP | ||
| 005 | 20250821112600.0 | ||
| 007 | ta | ||
| 008 | 110131s1963 dr 001 0bspa d | ||
| 040 |
_aDO-SdBNP _bspa _cBNPHU _erda |
||
| 041 | _hspa | ||
| 082 |
_a923.57293 _bE77R _222 |
||
| 100 | 1 |
_aRodríguez Demorizi, Emilio, _d1908-1986 _eautor _91039 |
|
| 245 | 1 | 0 |
_aPapeles de Espaillat : _bpara la historia de las ideas políticas en Santo Domingo / _cEmilio Rodríguez Demorizi. |
| 264 |
_aSanto Domingo : _bEditora del Caribe, _c1963. |
||
| 300 |
_a523 páginas ; _c24 cm. |
||
| 336 |
_ardacontent _btexto _2txt |
||
| 337 |
_ardamedia _bsin mediación _2n |
||
| 338 |
_ardacarrier _bvolumen _2nc |
||
| 490 | 1 |
_aBiblioteca Espaillat _v3 |
|
| 500 | _aA la cabeza de la portada Centenario de la Restauración de la República Dominicana. | ||
| 500 | _aIncluye referencias bibliográficas y notas al pie de las páginas. | ||
| 600 | 1 | 4 |
_aESPAILLAT, ULISES FRANCISCO, _d1823-1878 _xCORRESPONDENCIA, MEMORIAS, ETC. _950274 |
| 830 | 0 |
_aBiblioteca Espaillat, _n3 _950275 |
|
| 910 | _aValidado. Control de calidad MMOLINA | ||
| 942 |
_2ddc _cLBS1 |
||
| 999 |
_c24024 _d24024 |
||